| 000 | 00497 a2200181 4500 | ||
|---|---|---|---|
| 020 | _a0789702428 | ||
| 040 |
_aDLC _bDLC |
||
| 082 | 0 | 0 | _a004.6 |
| 245 | 0 | 0 |
_aNet.search _cBill Eager |
| 260 |
_aIndianapolis, IN : _bQue, _cc1995. |
||
| 300 |
_axxi, 387 p. : _bill. ; _c23 cm. |
||
| 500 | _aIncludes index. | ||
| 650 | 0 | _aInternet. | |
| 650 | 0 | _aElectronic information resource searching. | |
| 650 | 0 | _aComputer network resources. | |
| 700 | 1 |
_aEager, William, _d1957- |
|
| 942 |
_cBK _k04.6 EAG _2ddc |
||
| 999 |
_c5527 _d5527 |
||